Stadiums of 2022 FIFA World Cup with a Map - Statistics

General Stats
  • This quiz has been taken 39 times
  • The average score is 6 of 8
Answers on the Map
Answers color-coded by a green-red scale on the quiz's map according to % correct below.
 
Answer Stats
Stadium % Correct
Lusail Stadium
93%
Al Bayt Stadium
87%
Stadium 974
80%
Al Thumama Stadium
73%
Education City Stadium
70%
Khalifa International Stadium
57%
Al Janoub Stadium
53%
Ahmad Bin Ali Stadium
43%
No matching quizzes found
Score Distribution
Percent of People with Each Score
Percentile by Number Answered
Your Score History
You have not taken this quiz